Loading...
| Fine Arts - Auditory | 3 | 13.33 | 2,033% | 200% | 200% |
| Fine Arts - Other | 2 | 10.00 | 0% | 0% | 600% |
| Fine Arts - Visual | 4 | 15.00 | 900% | 300% | 425% |
| History - American | 3 | 10.00 | 1,200% | 200% | 200% |
| History - European | 4 | 15.00 | 1,250% | 250% | 275% |
| History - Other | 2 | 25.00 | 1,800% | 550% | 550% |
| History - World | 3 | 23.33 | 3,600% | 400% | 400% |
| Literature - American | 2 | 10.00 | 1,250% | 0% | 250% |
| Literature - British | 4 | 10.00 | 2,150% | 0% | 150% |
| Literature - European | 5 | 16.00 | 1,720% | 560% | 0% |
| Literature - World | 4 | 5.00 | 625% | 150% | 0% |
| Mythology | 6 | 18.33 | 2,633% | 283% | 300% |
| Other Academic | 1 | 10.00 | 0% | 0% | 600% |
| Philosophy | 3 | 13.33 | 833% | 167% | 367% |
| Pop Culture | 2 | 20.00 | 1,250% | 550% | 250% |
| Religion | 5 | 12.00 | 1,720% | 120% | 220% |
| Science - Biology | 3 | 16.67 | 2,400% | 200% | 367% |
| Science - Chemistry | 3 | 16.67 | 1,200% | 400% | 367% |
| Science - Other | 6 | 15.00 | 1,617% | 367% | 183% |
| Science - Physics | 5 | 12.00 | 720% | 360% | 220% |
| Social Science | 6 | 16.67 | 1,200% | 467% | 283% |